[Event "PRAGUE OPEN 2019 - A - IM open"]
[Site "Praha, Olympik hotel"]
[Date "2019.01.13"]
[Round "4"]
[White "Frolov, Artur"]
[Black "Lin, Yi"]
[Result "1/2-1/2"]
[BlackElo "2359"]
[WhiteElo "2430"]
[LiveChessVersion "1.4.8"]

1. d4  Nf6  2. Nf3  g6
 3. c4  Bg7  4. Nc3
 d5  5. cxd5  Nxd5
 6. e3  O-O  7. Bc4
 Nxc3  8. bxc3  c5
 9. O-O  Qc7  10. Qe2
 Nc6  11. Bd2  Na5
 12. Bd3  b6  13. Rac1
 Bb7  14. e4  e6 
15. h4  Rac8  16. h5  Rfd8
 17. Bg5  Rd7  18. h6
 Bh8  19. Rfd1  Qb8
 20. Bb5  Bc6  21. Bxc6
 Nxc6  22. d5  exd5
 23. exd5  Ne5  24. Nxe5
 Qxe5  25. Qg4  Qf5
 26. Qxf5  gxf5  27. c4
 Be5  28. g3  f6 
29. Be3  Kf7  30. Kg2  Re8
 31. Kf3  Kg6  32. a4
 Bd6  33. a5  Re4
 34. axb6  axb6  35. Ra1
 Bf8  36. Ra8  Bxh6
 37. Bxh6  Kxh6  38. Rg8
 Rg7  39. Rxg7  Kxg7
 40. d6  Re8  41. d7
 Rd8  42. Kf4  Kf7
 43. Rd6  Ke7  44. Rxb6
 Rxd7  45. Kxf5  Rd4
 46. Re6+  Kf7  47. Rxf6+
 Kg7  48. Rc6  Rxc4
 49. Rc7+  Kg8  50. Kf6
 h6  51. Kg6  Kf8
 52. Rf7+  Kg8  53. Ra7
 Kf8  54. Kxh6  Rc3
 55. Kg5  Rf3  56. Ra2
 c4  57. Kg4  Rd3
 58. f4  Ke7  59. f5
 c3  60. Re2+  Kf7
 61. Kf4  Rd4+  62. Kg5
 Rc4  63. Rc2  Kg7
 64. g4  Kf7  65. f6
 Rc5+  66. Kf4  Kxf6
 67. Ke4  Kg5  68. Kd4
 Rc8  69. Rxc3  Rxc3
 70. Kxc3  Kxg4  1/2-1/2

[Event "PRAGUE OPEN 2019 - A - IM open"]
[Site "Praha, Olympik hotel"]
[Date "2019.01.13"]
[Round "4"]
[White "Zhang, Ziji"]
[Black "Naumkin, Igor"]
[Result "1-0"]
[BlackElo "2418"]
[WhiteElo "2387"]
[LiveChessVersion "1.4.8"]

1. d4  e6  2. c4  f5
 3. Nc3  Bb4  4. Nf3
 Nf6  5. Qb3  Qe7
 6. g3  b6  7. Bg2
 Bb7  8. O-O  Bxc3
 9. bxc3  O-O  10. a4
 Be4  11. Ba3  d6
 12. c5  Nc6  13. cxd6
 cxd6  14. Nd2  Bxg2
 15. Kxg2  Na5  16. Qa2
 Rfd8  17. Kg1  Rac8
 18. c4  Qf7  19. Rac1
 e5  20. Qb2  e4 
21. Qb5  Nc6  22. Bb2  Qh5
 23. Rfe1  a6  24. Qb3
 d5  25. cxd5  Nxd5
 26. Nc4  Rb8  27. Ne3
 Na5  28. Qa3  Qf7
 29. Nxd5  Rxd5  30. Qe3
 h6  31. Qf4  Rbd8
 32. Rc7  R5d7  33. Rec1
 Kh7  34. Qe5  Rxc7
 35. Rxc7  Rd7  36. Rc8
 Re7  37. Qd6  Re6
 38. Qd8  f4  39. d5
 fxg3  40. hxg3  e3
 41. f3  Re7  42. Qh8+
 Kg6  43. Rg8  Qxd5
 44. Rxg7+  Kh5  45. g4+
 1-0

[Event "PRAGUE OPEN 2019 - A - IM open"]
[Site "Praha, Olympik hotel"]
[Date "2019.01.13"]
[Round "4"]
[White "Cerveny, Petr"]
[Black "Kacharava, Nikolozi"]
[Result "0-1"]
[BlackElo "2397"]
[WhiteElo "2318"]
[LiveChessVersion "1.4.8"]

1. e4  e5  2. Nf3  Nf6
 3. Nxe5  d6  4. Nf3
 Nxe4  5. Bd3  d5
 6. O-O  Be7  7. Re1
 Bf5  8. Nc3  Nxc3
 9. dxc3  Bxd3  10. cxd3
 O-O  11. Qb3  b6
 12. Bf4  Bf6  13. d4
 Qd7  14. a4  Nc6
 15. Re2  Rfe8  16. Rae1
 Rxe2  17. Rxe2  Na5
 18. Qb5  c6  19. Qa6
 h6  20. h3  Nc4 
21. Bg3  Qc8  22. Qxc8+  Rxc8
 23. Kf1  c5  24. Bf4
 cxd4  25. Nxd4  Bxd4
 26. cxd4  a6  27. Ke1
 f6  28. Kd1  g5 
29. Bc1  Na5  30. Re6  Rc6
 31. Re8+  Kf7  32. Rd8
 Ke6  33. Rh8  Rc4
 34. Be3  Kf7  35. Rh7+
 Kg6  36. Rd7  Kf5
 37. Rxd5+  Ke4  38. Rd6
 Rxa4  39. Rxf6  Rb4
 40. Kc2  Rc4+  41. Kb1
 Rc6  42. Rxc6  Nxc6
 43. d5  Kxd5  44. Bxb6
 Nb4  45. Kc1  Nd3+
 46. Kb1  Nf4  47. g3
 Nxh3  48. Ka2  Ke4
 49. f4  Nxf4  50. gxf4
 Kxf4  51. Kb3  h5
 52. Kb4  h4  53. Ka5
 h3  54. Kxa6  Kf3
 55. Bc7  g4  56. b4
 g3  0-1

[Event "PRAGUE OPEN 2019 - A - IM open"]
[Site "Praha, Olympik hotel"]
[Date "2019.01.13"]
[Round "4"]
[White "Liu, Zhaoqi"]
[Black "Krivonosov, Oleg"]
[Result "1/2-1/2"]
[BlackElo "2390"]
[WhiteElo "2300"]
[LiveChessVersion "1.4.8"]

1. c4  e6  2. Nc3  d5
 3. d4  Be7  4. cxd5
 exd5  5. Bf4  Nf6
 6. e3  O-O  7. Bd3
 c5  8. dxc5  Bxc5
 9. Nge2  Nc6  10. O-O
 Be6  11. Na4  Bd6
 12. Rc1  Rc8  13. Nc5
 Bxc5  14. Rxc5  Qe7
 15. Rc1 Nh5 16. Bb1  Rfd8  17.
Qd2  Qf6  18. Ng3  Nxg3
 19. Bxg3  d4  20. b3
 dxe3  21. Qxe3  Bf5
 22. Bxf5  1/2-1/2

[Event "PRAGUE OPEN 2019 - A - IM open"]
[Site "Praha, Olympik hotel"]
[Date "2019.01.13"]
[Round "4"]
[White "Gomes, Mary Ann"]
[Black "Xiang, Zeyu"]
[Result "1-0"]
[BlackElo "2440"]
[WhiteElo "2296"]
[LiveChessVersion "1.4.8"]

1. Nf3  d5  2. c4  d4
 3. g3  c5  4. d3
 Nc6  5. Bg2  Nf6
 6. O-O  e5  7. e3
 Bd6  8. exd4  cxd4
 9. a3  a5  10. Bg5
 h6  11. Bxf6  Qxf6
 12. Nbd2  O-O  13. Ne4
 Qd8  14. Nxd6  Qxd6
 15. Re1  Bg4  16. h3
 Bh5  17. Qd2  Rfe8
 18. Nh4  a4  19. Be4
 Ra7  20. f4  exf4
 21. g4  Bg6  22. Bxg6
 Rxe1+  23. Qxe1  fxg6
 24. Qe8+  Kh7  25. Re1
 f3  26. Kf1  Qf6
 27. Re6  Ra8  28. Qxg6+
 Qxg6  29. Nxg6  Ra5
 30. Kf2  Rg5  31. Nf8+
 Kg8  32. Nd7  Kf7
 33. Re4  b5  34. h4
 1-0

[Event "PRAGUE OPEN 2019 - A - IM open"]
[Site "Praha, Olympik hotel"]
[Date "2019.01.13"]
[Round "4"]
[White "Oboladze, Luka"]
[Black "Neuman, Petr"]
[Result "1/2-1/2"]
[BlackElo "2428"]
[WhiteElo "2295"]
[LiveChessVersion "1.4.8"]

1. d4  d5  2. Nf3  c6
 3. Bf4  Bf5  4. e3
 e6  5. Be2  Bd6 
6. Bg3  Nf6  7. O-O  Bxg3
 8. hxg3  Nbd7  9. c4
 h6  10. Nc3  O-O
 11. Rc1  Qe7  12. Qb3
 Rab8  13. cxd5  exd5
 14. Nd2  Ne8  15. Na4
 Nd6  16. Nc5  Nxc5
 17. dxc5  Ne4  18. Nxe4
 Bxe4  19. Qc3  Rfe8
 20. Rfd1  Qg5  21. Bd3
 h5  22. Bxe4  Rxe4
 23. Rd4  Rbe8  24. Rcd1
 h4  25. gxh4  Qxh4
 26. Rxe4  Rxe4  27. Rd4
 Rxd4  28. Qxd4  Qxd4
 29. exd4  Kh7  30. Kf1
 Kg6  31. Ke2  Kf5
 32. Kf3  Kg5  33. Kg3
 Kf5  34. Kf3  Kg5
 35. Kg3  Kf5  36. Kf3 1/2-1/2

[Event "PRAGUE OPEN 2019 - A - IM open"]
[Site "Praha, Olympik hotel"]
[Date "2019.01.13"]
[Round "4"]
[White "Ajay Krishna, S"]
[Black "Liu, Guanchu"]
[Result "1/2-1/2"]
[BlackElo "2425"]
[WhiteElo "2289"]
[LiveChessVersion "1.4.8"]

1. Nf3  Nf6  2. c4  e6
 3. g3  b6  4. Bg2
 Bb7  5. O-O  Be7
 6. Nc3  O-O  7. b3
 c5  8. Bb2  d5 
9. cxd5  Nxd5  10. Nxd5  Qxd5
 11. Qb1  Nc6  12. Ne5
 Qd6  13. Bc3  f6
 14. Nd3  Rab8  15. Nf4
 e5  16. Nd5  Nd4
 17. Nxe7+  Qxe7  18. Bxd4
 exd4  19. Bxb7  Rxb7
 20. e4  dxe3  21. dxe3
 Rd8  22. Qc2  Rbd7
 23. Rad1  Qe6  24. Rxd7
 Rxd7  25. Rd1  Rxd1+
 26. Qxd1  Qc6  27. Qd8+
 Kf7  28. a4  a6 
29. Qd3  Qf3  30. h4  a5 1/2-1/2

[Event "PRAGUE OPEN 2019 - A - IM open"]
[Site "Praha, Olympik hotel"]
[Date "2019.01.13"]
[Round "4"]
[White "Chkhaidze, Nikoloz"]
[Black "Gschnitzer, Oswald"]
[Result "1-0"]
[BlackElo "2370"]
[WhiteElo "2290"]
[LiveChessVersion "1.4.8"]

1. d4  Nf6  2. c4  e6
 3. Nc3  Bb4  4. e3
 O-O  5. Bd2  d5 
6. Nf3  b6  7. cxd5  exd5
 8. Rc1  a6  9. Bd3
 Bb7  10. Ne5  Bd6
 11. O-O  c5  12. f4
 Nc6  13. Be1  cxd4
 14. Nxc6  Bxc6  15. Ne2
 Bb5  16. Nxd4  Bxd3
 17. Qxd3  Bc5  18. Nf5
 Re8  19. Bc3  Re6
 20. Rf3  Bf8  21. Rg3
 g6  22. Nd4  Re4
 23. Nc6  Qd6  24. Be5
 Qe6  25. f5  Qxf5
 26. Rf3  Rxe5  27. Rxf5
 Rxf5  28. Qd4  Bc5
 29. Rxc5  bxc5  30. Ne7+
 Kh8  31. Qh4  g5
 32. Qh6  Ng8  33. Qc6
 Nxe7  34. Qxa8+  Kg7
 35. Qxa6  Re5  36. Qd6
 Rxe3  37. Qxc5  Re1+
 38. Kf2  Re4  39. a4
 Rf4+  40. Kg1  Nf5
 41. a5  d4  42. g3
 Rf3  43. a6  d3 
44. Qc3+  f6  45. a7  1-0

[Event "PRAGUE OPEN 2019 - A - IM open"]
[Site "Praha, Olympik hotel"]
[Date "2019.01.13"]
[Round "4"]
[White "Kulhanek, Tomas"]
[Black "Kvaloy, Aksel Bu"]
[Result "1-0"]
[BlackElo "1914"]
[WhiteElo "2303"]
[LiveChessVersion "1.4.8"]

1. e4  g6  2. d4  Bg7
 3. Nc3  d6  4. f4
 Nf6  5. Nf3  O-O
 6. a3  Na6  7. Be3
 c5  8. Be2  Ng4 
9. Bg1  Qa5  10. Qd2  cxd4
 11. Nxd4  e5  12. Nb3
 Qd8 13. O-O-O  exf4  14. Qxd6
 Qg5  15. h4  Qh6
 16. Kb1  Be5  17. Qd3
 Be6  18. Nd5  Rfd8
 19. Nc5  Nxc5  20. Bxc5
 b6  21. Bd4  Bxd4
 22. Bxg4  Be5  23. Bxe6
 fxe6  24. Qh3  Re8
 25. Nb4  Qg7  26. Nd3
 h5  27. Nxe5  Qxe5
 28. Rd7  Rac8  29. Qd3
 Rc7  30. Rxc7  Qxc7
 31. e5  Kg7  32. Qe4
 Rf8  33. Rd1  Rd8
 34. Rxd8  Qxd8  35. Qxf4
 Qd1+  36. Ka2  Qd5+
 37. c4  Qxg2  38. Qf6+
 Kh7  39. Qf7+  Kh8
 40. Qxe6  Qg4  41. Qf6+
 Kh7  42. Qf7+  Kh8
 43. Qc7  a5  44. Qd8+
 Kh7  45. Qd5  Qxh4
 46. e6  Kg7  47. Qd7+
 Kh6  48. e7  Qxc4+
 49. Kb1  Qf1+  50. Kc2
 Qc4+  51. Kd2  Qf4+
 52. Kd3  Qf1+  53. Kc3
 Qc1+  54. Kb3  b5
 55. Qe6  a4+  56. Kb4
 Qd2+  57. Kc5  Qf2+
 58. Kc6  Qg2+  59. Kb6
 Qf2+  60. Ka6  1-0

[Event "PRAGUE OPEN 2019 - A - IM open"]
[Site "Praha, Olympik hotel"]
[Date "2019.01.13"]
[Round "4"]
[White "Schmid, Thomas"]
[Black "Pechac, Jergus"]
[Result "0-1"]
[BlackElo "2472"]
[WhiteElo "2167"]
[LiveChessVersion "1.4.8"]

1. e4  c6  2. Nc3  d5
 3. Nf3  Bg4  4. h3
 Bxf3  5. Qxf3  e6
 6. d4  dxe4  7. Qxe4
 Nf6  8. Qd3  Be7
 9. g3  Na6  10. a3
 Qb6  11. Bg2  Rd8
 12. Ne2  c5  13. c3
 cxd4  14. Nxd4  Nc5
 15. Qb5+  Qxb5  16. Nxb5
 Nb3  17. Rb1  a6
 18. Nd4  Nxd4  19. cxd4
 Nd5  20. Be3  Bf6
 21. Ke2  h5  22. h4
 Rd6  23. Rbc1  Kd7
 24. Rc2  Rc8  25. Rhc1
 Rxc2+  26. Rxc2  g6
 27. b4  b6  28. Rc4
 Bd8  29. a4  b5 
30. axb5  axb5  31. Rc5  Bb6
 32. Rc1  Nxb4  33. Rb1
 Nd5  34. Kd3  Nc7
 35. Kc3  Ke7  36. Rb2
 Rd8  37. Bf1  Nd5+
 38. Kc2  Nxe3+  39. fxe3
 Bc7  40. g4  hxg4
 41. Rxb5  Rh8  0-1

[Event "PRAGUE OPEN 2019 - A - IM open"]
[Site "Praha, Olympik hotel"]
[Date "2019.01.13"]
[Round "4"]
[White "Wang, Yiye"]
[Black "Barrish, Daniel"]
[Result "1-0"]
[BlackElo "2166"]
[WhiteElo "2443"]
[LiveChessVersion "1.4.8"]

1. c4  e5  2. g3  c6
 3. Nf3  e4  4. Nd4
 d5  5. d3  Bc5 
6. Nb3  Bb4+  7. Bd2  Bxd2+
 8. Qxd2  dxc4  9. dxc4
 Nf6  10. Bg2  O-O
 11. h3  Na6  12. Nc3
 Qe7  13. g4  h6 
14. Qe3  Qb4  15. O-O-O  Qxc4
 16. Rd4  Qe6  17. Rhd1
 Nd5  18. Nxd5  cxd5
 19. Rxd5  Nb4  20. R5d2
 Nxa2+  21. Kb1  Nb4
 22. Rd6  Qe8  23. Nc5
 b6  24. Qxe4  Qb5
 25. Nd3  Nxd3  26. Qxd3
 Qxd3+  27. R1xd3  Rb8
 28. Bd5  Bb7  29. Rd7
 Bxd5  30. R3xd5  Rfe8
 31. e3  a5  32. Rf5
 f6  33. Rfd5  Re5
 34. Rxe5  fxe5  35. Kc2
 Rf8  36. Rd2  Rf3
 37. Kd3  Rxh3  38. Ke4
 h5  39. g5  Kf7 
40. Kf5  Rf3+  41. Kxe5  Kg6
 42. Ke4  Rf7  43. f4 h4 44. Rd6+
 Kh5  45. Kf3  b5
 46. Ra6 h3 47. Rxa5  h2  48. Kg2
 Rc7  49. Kxh2  Kg4
 50. Rxb5  Rc2+  51. Kg1
 Kg3  52. Kf1  Kf3
 53. Ke1  Kxe3  54. Kd1
 Rg2  55. Rb4  Kd3
 56. Rb3+  Ke4  57. Rb4+
 Kd3  58. Ke1  g6
 59. Kf1  Rc2  60. f5
 gxf5  61. g6  Rc6
 62. Rb3+  Ke4  63. Rg3
 Rc1+  64. Ke2  Rc8
 65. g7  Rg8  66. b4
 Kd5  67. Kf3  Kc4
 68. Kf4  1-0

[Event "PRAGUE OPEN 2019 - A - IM open"]
[Site "Praha, Olympik hotel"]
[Date "2019.01.13"]
[Round "4"]
[White "Plischki, Sebastian"]
[Black "Laverton, Christian"]
[Result "1-0"]
[BlackElo "2147"]
[WhiteElo "2426"]
[LiveChessVersion "1.4.8"]

1. Nf3  d5  2. g3  Nf6
 3. Bg2  Bf5  4. c4
 c6  5. Qb3  Qb6 
6. d3  e6  7. Be3  Qa6
 8. cxd5  exd5  9. Nc3
 Nbd7  10. O-O  Be7
 11. Rac1  O-O  12. Bd4
 Rad8  13. e4  dxe4
 14. dxe4  Nxe4  15. Nxe4
 Bxe4  16. Rfe1  Bd5
 17. Qc3  Bf6  18. Bf1
 Bxd4  19. Nxd4  Qb6
 20. Nf5  Nf6  21. g4
 Be6  22. Nxg7  Kxg7
 23. g5  Qd4  24. gxf6+
 Qxf6  25. Bc4  Qxc3
 26. Rxc3  Kf6  27. Rf3+
 Ke7  28. Rh3  Rg8+
 29. Kf1  Rg7  30. Bxe6
 fxe6  31. Rh6  Rd6
 32. Re3  Rf7  33. Ke2
 Rd5  34. Rhxe6+  Kd7
 35. R6e5  Rd6  36. Rh3
 Rdf6  37. f3  Re6
 38. Rxe6  Kxe6  39. Ke3
 a5  40. Ke4  Rg7
 41. f4  Re7  42. Rh6+
 Kf7+  43. Kf5  Kg7
 44. Rd6  c5  45. Rb6
 a4  46. a3  Rc7 
47. Ke6  Rf7  48. Ke5  h5
 49. h4  Rc7  50. Kf5
 c4  51. Kg5  Rc5+
 52. f5  c3  53. Rxb7+
 Kf8  54. bxc3  Rxc3
 55. Kxh5  Rxa3  56. Kg6
 Rb3  57. Ra7  a3
 58. Ra8+  Ke7  59. f6+
 Ke6  60. Re8+  Kd7
 61. f7  1-0

[Event "PRAGUE OPEN 2019 - A - IM open"]
[Site "Praha, Olympik hotel"]
[Date "2019.01.13"]
[Round "4"]
[White "Lalic, Bogdan"]
[Black "Pniaczek, Marek"]
[Result "1-0"]
[BlackElo "2146"]
[WhiteElo "2418"]
[LiveChessVersion "1.4.8"]

1. d4  d5  2. c4  c6
 3. Nc3  Nf6  4. e3
 a6  5. Nf3  Bf5 
6. Ne5  Nbd7  7. Qb3  Qc7
 8. Nxd7  Qxd7  9. Na4
 Qc7  10. Nb6  Rd8
 11. Bd2  e6  12. Rc1
 Qb8  13. Bb4  h5
 14. Be2  Rh6  15. Qa3
 Bxb4+  16. Qxb4  Rg6
 17. Bf3  h4  18. Na4
 Qc7  19. Nc5  Rb8
 20. cxd5  exd5  21. Rc3
 a5  22. Qa3  Bg4
 23. Nd3  Bxf3  24. gxf3
 Nh5  25. Qc5  Rd8
 26. Rb3  Re6  27. Qb6
 Qxb6  28. Rxb6  Rb8
 29. Nc5  Re7  30. b4
 axb4  31. O-O  Kd8
 32. Rb1  Nf6  33. R1xb4
 Kc8  34. a4  Ne8
 35. a5  Nd6  36. a6
 Rc7  37. axb7+  Rbxb7
 38. Nxb7  Nxb7  39. Kg2
 Nd6  40. Rb8+  Kd7
 41. Rg8  Ke6  42. Rxg7
 Nf5  43. Rg4  Rc8
 44. h3  c5  45. Rb6+
 Ke7  46. dxc5  Rxc5
 47. Rf4  1-0

[Event "PRAGUE OPEN 2019 - A - IM open"]
[Site "Praha, Olympik hotel"]
[Date "2019.01.13"]
[Round "4"]
[White "Spiess, Gunter"]
[Black "Riha, Vojtech"]
[Result "1-0"]
[BlackElo "2145"]
[WhiteElo "2414"]
[LiveChessVersion "1.4.8"]

1. Nf3  c5  2. c4  Nc6
 3. d4  cxd4  4. Nxd4
 g6  5. e4  Bg7 
6. Be3  Nf6  7. Nc3  d6
 8. Be2  O-O  9. O-O
 Bd7  10. Nc2  Rc8
 11. f3  Re8  12. Qd2
 Qa5  13. Rab1  Ne5
 14. b4  Qc7  15. Na3
 a6  16. Rfc1  e6
 17. h3  Nh5  18. f4
 Nc6  19. b5  Ne7
 20. Na4  Ng3  21. Bf3
 f5  22. e5  dxe5
 23. Bb6  Qb8  24. Nc5
 Rxc5  25. Bxc5  e4
 26. Bd1  Qc8  27. Bf2
 Nh5  28. Bxh5  gxh5
 29. Rd1  Bxb5  30. cxb5
 Nd5  31. Rbc1  Qb8
 32. Be3  Bh6  33. Rf1
 Rd8  34. Rcd1  e5
 35. Bb6  Rd7  36. Qxd5+
 Rxd5  37. Rxd5  1-0

[Event "PRAGUE OPEN 2019 - A - IM open"]
[Site "Praha, Olympik hotel"]
[Date "2019.01.13"]
[Round "4"]
[White "Roeder, Matthias"]
[Black "Haase, Pavel"]
[Result "1/2-1/2"]
[BlackElo "2141"]
[WhiteElo "2396"]
[LiveChessVersion "1.4.8"]

1. Nf3  Nf6  2. g3  c5
 3. c4  Nc6  4. Bg2
 e5  5. Nc3  Be7 
6. d3  O-O  7. Nd2  Ne8
 8. O-O  f5  9. a3
 Nc7  10. Rb1  a5
 11. Nd5  Ne6  12. e3
 g5  13. b3  d6 
14. Bb2  Bf6  15. Nxf6+  Rxf6
 16. f4  gxf4  17. gxf4
 Rg6  18. Qh5  exf4
 19. Kh1  Qg5  20. Qxg5
 Rxg5  21. exf4  Rg4
 22. Bh3  Rxf4  23. Bxf5
 Rxf1+  24. Rxf1  Ncd4
 25. Rg1+  Kf7  26. Bxh7
 Bd7  27. Be4  Bc6
 28. Bd5  Bxd5+  29. cxd5
 Nc7  30. Bxd4  cxd4
 31. Rg4  a4  32. Rxd4
 axb3  33. Rb4  Rxa3
 34. Rxb7  Ra1+  35. Kg2
 Ra2  36. Rxc7+  Kf6
 37. Kf3  Rxd2  38. Ke4
 Rxh2  39. Rb7  Rh4+
 40. Ke3  Ke5  41. Rxb3
 Rh3+  42. Kd2  Kxd5
 1/2-1/2

[Event "PRAGUE OPEN 2019 - A - IM open"]
[Site "Praha, Olympik hotel"]
[Date "2019.01.13"]
[Round "4"]
[White "Vojta, Jakub"]
[Black "Gschnitzer, Adrian"]
[Result "0-1"]
[BlackElo "2368"]
[WhiteElo "2118"]
[LiveChessVersion "1.4.8"]

1. e4  c5  2. Nf3  Nc6
 3. d4  cxd4  4. Nxd4
 e5  5. Nb5  d6 
6. c4  Be7  7. N1c3  a6
 8. Na3  f5  9. exf5
 Bxf5  10. Be3  Nf6
 11. Nd5  O-O  12. Be2
 Nd4  13. Bxd4  Nxd5
 14. cxd5  exd4  15. O-O
 Qb6  16. Nc4  Qc5
 17. Bd3  b5  18. Bxf5
 Rxf5  19. Qe2  bxc4
 20. Qxe7  Re5  21. Qh4
 Qxd5  22. Rae1  Rxe1
 23. Rxe1  d3  24. Qg4
 d2  25. Rf1  Re8
 26. Qd7  Re1  27. Qd8+
 Kf7  28. Qd7+  Kf6
 29. Qd8+  Kg6  0-1

[Event "PRAGUE OPEN 2019 - A - IM open"]
[Site "Praha, Olympik hotel"]
[Date "2019.01.13"]
[Round "4"]
[White "Olsarova, Karolina"]
[Black "Hradecky, Ivo"]
[Result "1-0"]
[WhiteElo "2263"]
[BlackElo "2107"]
[PlyCount "45"]
[EventDate "2019.01.11"]

1. e4 e6 2. d4 d5 3. Nd2 Be7 4. Ngf3 Nf6 5. e5 Nfd7 6. Bd3 c5 7. c3 cxd4 8.
cxd4 Nc6 9. O-O a5 10. Nb1 Qb6 11. Nc3 Nxd4 12. Nxd4 Qxd4 13. Re1 Qb6 14. Qg4
Kf8 15. Bg5 f6 16. Qf3 Qxb2 17. Rac1 h6 18. exf6 Nxf6 19. Bxf6 gxf6 20. Nxd5
exd5 21. Rc7 Bd6 22. Qxd5 Bxc7 23. Bc4 1-0

[Event "PRAGUE OPEN 2019 - A - IM open"]
[Site "Praha, Olympik hotel"]
[Date "2019.01.13"]
[Round "4"]
[White "Moreto Quintana, Alex"]
[Black "Abdulla, Murad"]
[Result "0-1"]
[WhiteElo "2101"]
[BlackElo "2263"]
[PlyCount "52"]
[EventDate "2019.01.11"]

1. c4 e5 2. Nc3 Nf6 3. Nf3 Nc6 4. e3 a6 5. a3 d5 6. cxd5 Nxd5 7. Qc2 Be6 8. b4
Nb6 9. Ne4 Bd5 10. Bb2 f6 11. d4 f5 12. Nc5 e4 13. Nd2 Rb8 14. b5 axb5 15. Bxb5
Nd7 16. Ndb3 Bd6 17. Nxd7 Qxd7 18. Nc5 Qc8 19. Bc4 Ne7 20. f3 exf3 21. gxf3
Bxc5 22. Bxd5 Bxa3 23. Bxa3 Nxd5 24. e4 Qe6 25. O-O-O Ne3 26. Qxc7 Rc8 0-1

[Event "PRAGUE OPEN 2019 - A - IM open"]
[Site "Praha, Olympik hotel"]
[Date "2019.01.13"]
[Round "4"]
[White "Kozak, Antoni"]
[Black "Mulenko, Alexander"]
[Result "1/2-1/2"]
[WhiteElo "2236"]
[BlackElo "2090"]
[PlyCount "71"]
[EventDate "2019.01.11"]

1. e4 Nf6 2. e5 Nd5 3. d4 d6 4. Nf3 dxe5 5. Nxe5 c6 6. c4 Nb4 7. Na3 Nd7 8. Nf3
Nf6 9. h3 Bf5 10. Be2 h6 11. O-O e6 12. Bf4 Bd6 13. Bxd6 Qxd6 14. Qb3 a5 15. c5
Qc7 16. Nc4 O-O 17. a3 Nbd5 18. Nd6 a4 19. Qxb7 Qxb7 20. Nxb7 Rfb8 21. Nd6 Rxb2
22. Bc4 Be4 23. Ne5 Nf4 24. Nxe4 Nxe4 25. Nxc6 Nd2 26. Rfc1 Nb3 27. Rcb1 Ne2+
28. Kh2 Rxb1 29. Rxb1 Nexd4 30. Nxd4 Nxd4 31. Bd3 Kf8 32. Rb4 e5 33. Be4 Rc8
34. Rxa4 Rxc5 35. Ra7 f5 36. Bb1 1/2-1/2

[Event "PRAGUE OPEN 2019 - A - IM open"]
[Site "Praha, Olympik hotel"]
[Date "2019.01.13"]
[Round "4"]
[White "Sindler, Michal"]
[Black "Ludvik, Tomas"]
[Result "0-1"]
[WhiteElo "2221"]
[BlackElo "2089"]
[PlyCount "85"]
[EventDate "2019.01.11"]

1. e4 c5 2. Nf3 d6 3. Bb5+ Bd7 4. Bxd7+ Qxd7 5. O-O Nf6 6. Qe2 Nc6 7. Rd1 e6 8.
d4 cxd4 9. Nxd4 Rc8 10. Nf3 Qc7 11. Bg5 Be7 12. Nbd2 O-O 13. c3 Rfd8 14. Nb3 h6
15. Bh4 Na5 16. Nxa5 Qxa5 17. Nd4 a6 18. a4 Qe5 19. f3 d5 20. Bg3 Qh5 21. e5
Nd7 22. Rf1 Rc4 23. Bf2 Bc5 24. g4 Qg6 25. Nb3 Bxf2+ 26. Qxf2 h5 27. h3 Qg5 28.
Nd2 Rf4 29. Qe3 hxg4 30. fxg4 Rf5 31. Qxg5 Rxg5 32. Nf3 Rg6 33. Rad1 Nc5 34.
Rd4 f6 35. Kg2 Rf8 36. Rf4 Nd3 37. Rb4 Ne1+ 38. Nxe1 fxe5 39. Nf3 e4 40. Ne5
Rgf6 41. Rxb7 e3 42. Re7 e2 43. Nd3 0-1

[Event "PRAGUE OPEN 2019 - A - IM open"]
[Site "Praha, Olympik hotel"]
[Date "2019.01.13"]
[Round "4"]
[White "Gokhale, Anupama"]
[Black "Mueller-Dehn, Christian"]
[Result "1/2-1/2"]
[WhiteElo "2009"]
[BlackElo "2167"]
[PlyCount "40"]
[EventDate "2019.01.11"]

1. d4 d5 2. c4 c6 3. e3 Nf6 4. Qc2 Bg4 5. Ne2 Bh5 6. Nf4 Bg6 7. Nxg6 hxg6 8. g3
e6 9. Bg2 Nbd7 10. b3 Bd6 11. Nc3 Rc8 12. c5 Bb8 13. f4 Ng4 14. h3 Nh6 15. g4
Nxg4 16. hxg4 Rxh1+ 17. Bxh1 Qh4+ 18. Qf2 Qxh1+ 19. Ke2 Ke7 20. Bb2 Qh3 1/2-1/2

[Event "PRAGUE OPEN 2019 - A - IM open"]
[Site "Praha, Olympik hotel"]
[Date "2019.01.13"]
[Round "4"]
[White "Vokac, Marek"]
[Black "Czernek, Tymon"]
[Result "1-0"]
[WhiteElo "2380"]
[BlackElo "2012"]
[PlyCount "61"]
[EventDate "2019.01.11"]

1. Nf3 Nf6 2. c4 g6 3. Nc3 Bg7 4. e4 d6 5. d4 O-O 6. Be2 c5 7. d5 e6 8. O-O
exd5 9. cxd5 Re8 10. Nd2 a6 11. a4 h5 12. f3 Nbd7 13. Nc4 Ne5 14. Bg5 Nxc4 15.
Bxc4 Qc7 16. Bh4 Nd7 17. f4 Bd4+ 18. Kh1 Nf6 19. Bxf6 Bxf6 20. e5 dxe5 21. d6
Qd8 22. Qb3 Be6 23. Bxe6 Rxe6 24. f5 gxf5 25. Rxf5 e4 26. Nd5 Qxd6 27. Raf1 Bg7
28. Qxb7 Rf8 29. Rxf7 Qe5 30. Rxf8+ Bxf8 31. Qf7+ 1-0

[Event "PRAGUE OPEN 2019 - A - IM open"]
[Site "Praha, Olympik hotel"]
[Date "2019.01.13"]
[Round "4"]
[White "Szadkowski, Kamil"]
[Black "Pipia, Ekaterine"]
[Result "1-0"]
[WhiteElo "2281"]
[BlackElo "1963"]
[PlyCount "71"]
[EventDate "2019.01.11"]

1. e4 g6 2. d4 Bg7 3. Nc3 d6 4. f4 a6 5. Be3 b5 6. Bd3 Nd7 7. e5 c5 8. Nf3 Bb7
9. Be4 Bxe4 10. Nxe4 cxd4 11. Bxd4 dxe5 12. fxe5 Nh6 13. e6 Nf6 14. Neg5 Qd5
15. Qe2 O-O 16. exf7+ Nxf7 17. Ne6 Rfc8 18. Nxg7 Kxg7 19. O-O e5 20. Be3 Qc4
21. Qe1 Ng4 22. Bd2 e4 23. Bc3+ Kg8 24. Nd2 Qc5+ 25. Kh1 Qh5 26. Qg3 Re8 27.
Rf4 e3 28. Rxg4 exd2 29. Bxd2 Re2 30. Bc3 Rae8 31. Rf1 Nh6 32. Rg5 Nf5 33.
Rgxf5 R2e3 34. Rxh5 Rxg3 35. hxg3 gxh5 36. Bf6 1-0

[Event "PRAGUE OPEN 2019 - A - IM open"]
[Site "Praha, Olympik hotel"]
[Date "2019.01.13"]
[Round "4"]
[White "Mindl, Josef"]
[Black "Bednar, Marcel"]
[Result "1/2-1/2"]
[WhiteElo "1966"]
[BlackElo "2268"]
[PlyCount "31"]
[EventDate "2019.01.11"]

1. e4 c5 2. Nf3 d6 3. d4 cxd4 4. Nxd4 Nf6 5. Nc3 a6 6. h3 e6 7. g4 d5 8. exd5
Nxd5 9. Nde2 Bb4 10. Bg2 Nxc3 11. Qxd8+ Kxd8 12. Nxc3 Ke7 13. O-O Rd8 14. a3
Ba5 15. Be3 Nd7 16. Rad1 1/2-1/2

[Event "PRAGUE OPEN 2019 - A - IM open"]
[Site "Praha, Olympik hotel"]
[Date "2019.01.13"]
[Round "4"]
[White "Harstad, Christian"]
[Black "Csiki, Endre"]
[Result "0-1"]
[WhiteElo "1961"]
[BlackElo "2264"]
[PlyCount "34"]
[EventDate "2019.01.11"]

1. d4 Nf6 2. c4 g6 3. Nc3 d5 4. Nf3 Bg7 5. Bg5 dxc4 6. Qa4+ Nbd7 7. Qxc4 Nb6 8.
Qd3 Be6 9. g3 Nfd5 10. e4 Nxc3 11. Qxc3 Bc8 12. Qb4 Qd6 13. Qd2 Bg4 14. Bf4 Qc6
15. d5 Qa4 16. Bg5 h6 17. b3 Qxe4+ 0-1